The United States Singapore Free Trade Agreement highlights and insights /

Bibliographic Details
Corporate Authors: Singapore Business Federation., ProQuest (Firm)
Other Authors: Koh, Tommy T. B. 1937-, Chang, Li Lin.
Format: Electronic eBook
Language:English
Published: Singapore ; River Edge, NJ : Singapore : World Scientific Pub ; Institute of Policy Studies, c2004.
Subjects:
Online Access:Click to View
LEADER 01634nam a2200397Ia 4500
001 EBC244241
003 MiAaPQ
005 20200520144314.0
006 m o d |
007 cr cn|||||||||
008 040528s2004 njua sb f000 0 eng d
020 |z 9812388486 (pbk.) 
035 |a (MiAaPQ)EBC244241 
035 |a (Au-PeEL)EBL244241 
035 |a (CaPaEBR)ebr10106593 
035 |a (CaONFJC)MIL187727 
035 |a (OCoLC)935228815 
040 |a MiAaPQ  |c MiAaPQ  |d MiAaPQ 
050 4 |a HF1456.5.S55  |b U558 2004 
245 0 4 |a The United States Singapore Free Trade Agreement  |h [electronic resource] :  |b highlights and insights /  |c edited by Tommy Koh, Chang Li Lin. 
246 3 0 |a Free Trade Agreement 
260 |a Singapore ;  |a River Edge, NJ :  |b World Scientific Pub ;  |a Singapore :  |b Institute of Policy Studies,  |c c2004. 
300 |a xix, 293 p. :  |b ill. 
500 |a "Singapore Business Federation." 
504 |a Includes bibliographical references. 
533 |a Electronic reproduction. Ann Arbor, MI : ProQuest, 2015. Available via World Wide Web. Access may be limited to ProQuest affiliated libraries. 
650 0 |a Free trade  |z United States. 
650 0 |a Free trade  |z Singapore. 
651 0 |a United States  |x Foreign economic relations  |z Singapore. 
651 0 |a Singapore  |x Foreign economic relations  |z United States. 
655 4 |a Electronic books. 
700 1 |a Koh, Tommy T. B.  |q (Tommy Thong Bee),  |d 1937- 
700 1 |a Chang, Li Lin. 
710 2 |a Singapore Business Federation. 
710 2 |a ProQuest (Firm) 
856 4 0 |u https://ebookcentral.proquest.com/lib/matrademy/detail.action?docID=244241  |z Click to View